000 00478nam a2200181Ia 4500
005 20250320015633.0
008 240331s9999 xx 000 0 und d
020 _a0333471652
082 _a302.23
_bCUR
_22894
100 _aCurti, L
245 0 _aFemale Stories, Female Bodies:
_bNarrative, Identity and Representation
260 _aLondon,
_bMacmillan Press Ltd
_c1998
300 _axviii, 232 p.,
650 _aWomen
650 _aGender
650 _aFeminism
942 _cL
999 _c1109
_d1109